书目信息 |
| 题名: |
南村集
|
|
| 作者: | (明)陶宗仪 撰 | |
| 分册: | ||
| 出版信息: | 北京 中国书店 2018.5 |
|
| 页数: | 238页 | |
| 开本: | 27cm | |
| 丛书名: | ||
| 单 册: | ||
| 中图分类: | I222.748 | |
| 科图分类: | ||
| 主题词: | 古典诗歌--诗集--中国--明代 | |
| 电子资源: | ||
| ISBN: | 978-7-5149-2116-8 | |
| 000 | 00828nam0 2200229 45 | |
| 001 | 012001004889 | |
| 005 | 20140928162350.0 | |
| 010 | @a978-7-5149-2116-8@dCNY58.00 | |
| 100 | @a20180512d2018 em y0chiy0110 ea | |
| 101 | 0 | @achi |
| 102 | @aCN@b110000 | |
| 105 | @ay z 000yy | |
| 106 | @ar | |
| 200 | 1 | @a南村集@9nan cun ji@f(明)陶宗仪撰 |
| 210 | @a北京@c中国书店@d2018.5 | |
| 215 | @a238页@d27cm | |
| 330 | @a《南村集》四卷,明陶宗仪撰。为元末明初陶宗仪诗作集。有《元人十种诗》本、《四库全书》本及《台州丛书后集》诸版本。是编毛晋尝刻入《十元人集》。刘体仁《七颂堂集》有《与张实水尺牍》,称读史不载陶南村,窃谓此君靖节一流人。 | |
| 606 | 0 | @a古典诗歌@x诗集@y中国@x明代 |
| 690 | @aI222.748@v5 | |
| 701 | 0 | @a(明)陶宗仪@9( ming ) tao zong yi@4撰 |
| 801 | 0 | @aCN@b上海新华@c20180901 |
| 905 | @b1167243-7@dI222.748@e689@f5 | |
| 南村集/(明)陶宗仪撰.-北京:中国书店,2018.5 |
| 238页;27cm |
| ISBN 978-7-5149-2116-8:CNY58.00 |
| 《南村集》四卷,明陶宗仪撰。为元末明初陶宗仪诗作集。有《元人十种诗》本、《四库全书》本及《台州丛书后集》诸版本。是编毛晋尝刻入《十元人集》。刘体仁《七颂堂集》有《与张实水尺牍》,称读史不载陶南村,窃谓此君靖节一流人。 |
| ● |
| 相关链接 |
|
|
|
|
正题名:南村集
索取号:I222.748/689
 
预约/预借
| 序号 | 登录号 | 条形码 | 馆藏地/架位号 | 状态 | 备注 |
| 1 | 1167243 | 211672439 | 第一样本阅览室/ [索取号:I222.748/689] | 在馆 | |
| 2 | 1167244 | 211672448 | 第二借阅区/ [索取号:I222.748/689] | 在馆 | |
| 3 | 1167245 | 211672457 | 第二借阅区/ [索取号:I222.748/689] | 在馆 | |
| 4 | 1167246 | 211672466 | 第二借阅区/ [索取号:I222.748/689] | 在馆 | |
| 5 | 1167247 | 211672475 | 密集书库-文学院/ [索取号:I222.748/689] | 在馆 |